Szczegóły MARC21

Z nadodrzańskiej ziemi : wspomnienia Szczecinian /

003 -Nazwa inst., której nr kontr. jest w polu 001 [,]
    • @
    • Nazwa instytucji, której n kontrolny jest w polu 001
    • NUKAT
005 -DATA I CZAS OSTATNIEJ MODYFIKACJI [,]
    • @
    • pole kontrolne
    • 20250625094331.0
040 -Instytucja sporządzająca opis [ , ]
    • a
    • Instytucja, która sporządziła opis (NP)
    • LUBL KUL/SK
    • c
    • Instytucja, która sporządziła rekord (NP)
    • LUBL KUL/SK
    • d
    • Instytucja, która zmodyfikowała rekord (P)
    • LUBL KUL/JP
    • d
    • Instytucja, która zmodyfikowała rekord (P)
    • LUBL KUL/SKs
942 -Rodzaj dokumentu [ , ]
    • c
    • Rodzaj dokumentu
    • Książka
245 -Strefa tytułu i oznaczenia odpowiedzialności [0,0]
    • a
    • Tytuł
    • Z nadodrzańskiej ziemi : Find
    • b
    • Ciąg dalszy tytułu (NP)
    • wspomnienia Szczecinian / Find
    • c
    • Pozostałe elementy strefy tytułu i oznaczenia odpowiedzialności (NP)
    • wybór, oprac. i wstęp Tadeusz Białecki ; posł. Piotr Zaremba.
260 -Strefa adresu wydawniczego [ , ]
    • a
    • Miejsce wydania (P)
    • Poznań :
    • b
    • Nazwa wydawcy (P)
    • Wydawnictwo Poznańskie,
    • c
    • Data wydania (P)
    • 1974.
300 -Strefa opisu fizycznego [ , ]
    • a
    • Określenie formy książki i/lub objętość (NP)
    • 606 s. ;
    • c
    • Format (NP)
    • 22 cm.
336 -Typ zawartości [ , ]
    • a
    • Termin opisujący typ zawartości
    • Tekst
    • b
    • Kod określający zawartość
    • txt
    • 2
    • Źródło (terminu i kodu)
    • rdacontent
337 -Typ mediów [ , ]
    • a
    • Tryb odtwarzania
    • Bez urządzenia pośredniczącego
    • b
    • Kod typu mediów
    • n
    • 2
    • Źródło (terminu i kodu)
    • rdamedia
338 -Typ/rodzaj nośnika [ , ]
    • a
    • Hasło opisujące typ nośnika
    • Wolumin
    • b
    • Kod typu nośnika
    • nc
    • 2
    • Źródło (terminu i kodu)
    • rdacarrier
651 -Hasło przedmiotowe w formie nazwy geograficznej [ ,7]
    • a
    • Nazwa geograficzna
    • Szczecin (Polska ; region)
    • y
    • Określnik chronologiczny
    • 1945-1970
    • v
    • Określnik formalny
    • relacje osobiste.
    • 2
    • Źródło terminu
    • kaba
    • 9
    • KHW
    • 430544
651 -Hasło przedmiotowe w formie nazwy geograficznej [ ,7]
    • a
    • Nazwa geograficzna
    • Szczecin (Polska)
    • y
    • Określnik chronologiczny
    • 1945-1970
    • v
    • Określnik formalny
    • relacje osobiste.
    • 2
    • Źródło terminu
    • kaba
    • 9
    • KHW
    • 371161
655 -Hasło w funkcji tematu formalnego [ ,7]
    • a
    • Hasło
    • Pamiętniki polskie
    • y
    • Określnik chronologiczny
    • 1945-1970
    • v
    • Określnik formy
    • antologie.
    • 2
    • Źródło terminu
    • kaba
    • 9
    • KHW
    • 430543
700 -Hasło dodatkowe - nazwa osobowa [1, ]
    • a
    • Nazwa osobowa (NP)
    • Białecki, Tadeusz Find
    • d
    • Daty biograficzne (NP)
    • (1933- ).
    • e
    • Określenie rodzaju współpracy
    • Oprac.
    • 9
    • KHW
    • 7603
700 -Hasło dodatkowe - nazwa osobowa [1, ]
    • a
    • Nazwa osobowa (NP)
    • Zaremba, Piotr Find
    • d
    • Daty biograficzne (NP)
    • (1910-1993).
    • e
    • Określenie rodzaju współpracy
    • Posł.
    • 9
    • KHW
    • 49971
710 -Hasło dodatkowe - nazwa ciała zbiorowego [2, ]
    • a
    • Nazwa ciała zbiorowego lub nazwa geograficzna jako pierwszy element (NP)
    • Wydawnictwo Poznańskie (1956-1992).
    • 4
    • Kod relacji
    • pbl
    • 9
    • KHW
    • 53696
Sygnatura Status udost. Numer inwentarzowy Data inwentaryzacji Lokalizacja
 -3W.1859861996-03-11BG
 2W.309781995-12-21BG
 -3W.30189 BG
 -3W.30190 BG
Z.126721Z.126721995-12-21BG
 1H.53621995-12-21BNS
 -3F.249311995-12-21BNS
SA.54761SA.54761995-12-21BSA